| 000 | 00747nam a2200193 i 4500 | ||
|---|---|---|---|
| 001 | 74401 | ||
| 003 | ES-MaACL | ||
| 005 | 20230906172124.0 | ||
| 007 | t| | ||
| 008 | 040917s1938 cu ||||1| spa d | ||
| 100 | 1 |
_aGonzález Gutiérrez, Diego. _958696 |
|
| 245 | 1 | 0 |
_aDiscursos leídos en la recepción pública de Diego González Gutiérrez la noche del 27 de enero de 1938 / _ccontestación de Tomás de Jústiz y del Valle, académico de número. |
| 260 |
_aLa Habana : _b[s.n., _c1938] ( _fImp. El Siglo XX) |
||
| 300 |
_a59 p. ; _c25 cm. |
||
| 500 | _aPrecede al tit.: Academia de la Historia de Cuba. | ||
| 700 | 1 |
_aJustiz y del Valle, Tomás. _967360 |
|
| 710 | 2 |
_aAcademia de la Historia de Cuba. _91183 |
|
| 852 |
_aES-MaACL _j1813-F-8 |
||
| 999 |
_c74401 _d74401 |
||